| 000 | 01076nam a2200325Ic 4500 | ||
|---|---|---|---|
| 001 | 59098 | ||
| 003 | CO-BoRNBP | ||
| 005 | 20250909162446.0 | ||
| 007 | ta | ||
| 008 | 180109s2016 sp g 000 0 spa | ||
| 020 | _a9788436832327 | ||
| 040 |
_aCO-BoRNBP _bspa _erda _cCO-BoRNBP |
||
| 041 | _aspa | ||
| 082 | 0 | 4 |
_a370.15 _bT26 |
| 245 | 0 | 0 |
_aTeoría de la educación : _beducación infantil / _ccoordinadores Pilar Casares García y Andrés Soriano Díaz. |
| 250 | _aPrimera edición | ||
| 264 | 1 |
_aMadird, España : _bPirámide, _c2016 |
|
| 300 | _a219 páginas | ||
| 336 |
_atexto _btxt _2rdacontent |
||
| 337 |
_asin mediación _bn _2rdamedia |
||
| 338 |
_avolumen _bnc _2rdacarrier |
||
| 490 | 0 | _aPedagogía y Didáctica | |
| 650 | 0 | 7 |
_aEducación de niños _2LEMB _912915 |
| 650 | 0 | 7 |
_aEducación _xFilosofía _2LEMB _964762 |
| 650 | 0 | 7 |
_aPedagogía _xAspectos sociales _2lemb _964756 |
| 650 | 0 | 7 |
_aSociología de la educación _2lemb _942516 |
| 700 |
_aCasares García, Pilar María, _etdc _964768 |
||
| 700 |
_aSoriano Díaz, Andrés, _etdc _964769 |
||
| 942 |
_2ddc _cBK |
||
| 999 |
_c59098 _d59098 |
||